|
|
|
|
| LEADER |
00783nta a2200169 i 4500 |
| 001 |
dipl53133 |
| 005 |
20150922141202.0 |
| 008 |
150922s2013 hu om 0|| zxx d |
| 040 |
|
|
|a SZTE Diploma Repozitórium
|b hun
|
| 041 |
|
|
|a zxx
|
| 100 |
1 |
|
|a Hájas Imola
|
| 245 |
1 |
2 |
|a A települési szilárd hulladék termikus hasznosításának bemutatása; a keletkező salak, pernye és maradékanyag vizsgálata
|h [elektronikus dokumentum] /
|c Imola Hájas
|
| 246 |
1 |
0 |
|a Introduction of the Thermal Recycling of Solid Waste and the Study of Slag, Scale, and Residuals
|h [elektronikus dokumentum]
|
| 260 |
|
|
|c 2013
|
| 650 |
|
4 |
|a Természettudományok
|
| 700 |
1 |
|
|a Halász János
|e ths
|
| 856 |
4 |
0 |
|u http://diploma.bibl.u-szeged.hu/id/eprint/53133/1/2013_H%C3%A1jas_Imola_HAISAAT_SZE_SZ.pdf
|z Dokumentum-elérés
|